Predikcia hodnotiacich známok z textu hodnotenia v slovenskom alebo českom jazyku
Saved in:
| Main Author: | |
|---|---|
| Other Authors: | |
| Format: | Manuscript Book |
| Language: | Slovak |
| Published: |
Bratislava :
STU v Bratislave FEI,
2021
|
| Subjects: | |
| Online Access: | https://opac.crzp.sk/?fn=detailBiblioForm&sid=2DF2AC71C78DA39E9CF0BA873752&seo=CRZP-detail-kniha |
| Tags: |
No Tags, Be the first to tag this record!
|
MARC
| LEADER | 00000ntm a22000003a 4500 | ||
|---|---|---|---|
| 001 | stuzp82438 | ||
| 003 | SK-STU | ||
| 005 | 20211213105311.7 | ||
| 007 | ta | ||
| 008 | 150427s2015----xo-----f-mn---000-0-slo-d | ||
| 040 | |a STU |b slo | ||
| 041 | 0 | |a slo | |
| 044 | |a xo | ||
| 100 | 1 | |a Kovács, Kornél |u 035000 |4 aut |U FEI Fakulta elektrotechniky a informatiky |T FEI Ústav informatiky a matematiky |X 105897 |U E050 |Y 816 |7 105897 | |
| 242 | 0 | 1 | |a Prediction of product review marks from review text in Slovak or Czech language |y eng |
| 245 | 1 | 0 | |a Predikcia hodnotiacich známok z textu hodnotenia v slovenskom alebo českom jazyku |
| 260 | |a Bratislava : |b STU v Bratislave FEI, |c 2021 | ||
| 300 | |a 70 s., príl. | ||
| 650 | 4 | |a NLP |2 slo | |
| 650 | 4 | |a spracovanie prirodzeného jazyka |2 slo | |
| 650 | 4 | |a hodnotiace známky |2 slo | |
| 650 | 4 | |a dolovanie názorov |2 slo | |
| 650 | 4 | |a strojové učenie |2 slo | |
| 650 | 4 | |a opinion mining |2 eng | |
| 650 | 4 | |a NLP |2 eng | |
| 650 | 4 | |a natural language processing |2 eng | |
| 650 | 4 | |a review marks |2 eng | |
| 650 | 4 | |a machine learning |2 eng | |
| 700 | 1 | |a Mojžiš, Ján |4 ths |X 62185 |7 62185 | |
| 856 | 4 | |u https://opac.crzp.sk/?fn=detailBiblioForm&sid=2DF2AC71C78DA39E9CF0BA873752&seo=CRZP-detail-kniha | |